Spot the Difference IV Quiz Stats

 Plays Quiz Updated May 4, 2016

Challenge
Share
Tweet
Score 0/5 Timer 01:00
22 Plays Today
% Correct
Letter
98.1%
Mushroom
96.5%
Eyes
96.1%
Button
95.8%
Sock
95.5%

You're not logged in!

Compare scores with friends on all Sporcle quizzes.
Join for Free
OR
Log In

You Might Also Like...

Show Comments

Extras

Top Quizzes Today


Score Distribution

Your Account Isn't Verified!

In order to create a playlist on Sporcle, you need to verify the email address you used during registration. Go to your Sporcle Settings to finish the process.

Report this User

Report this user for behavior that violates our Community Guidelines.

Details: